00278 a2200085 450000100060000008200120000610000420001824501100006050000220017093019 aPR 2373 aHamid Mahmood,Prof Dr Ahmad (Advisor) aArtificial Neural Network Based Sensitivity Analysis of Small Signals Parameters of GaAs MESFETnxv,145p. aBE Project Report